Co vyřeší age management?

Populácia starne. Ako bude vlastne život ďalej fungovať. Podporovanie medzigeneračných vzťahov na pracovisku.

Saved in:
Bibliographic Details
Main Author: Fischerová-Katzerová, Vladka
Other Authors: Kohlíčková, Líba
Format: Book Chapter
Language:Czech
Subjects:
Tags: Add Tag
No Tags, Be the first to tag this record!

MARC

LEADER 00000naa a2200000 4500
001 0166286
005 20231019120340.3
041 0 |a cze 
044 |a CZ 
245 1 0 |a Co vyřeší age management?  |c Vladka Fischerová-Katzerová, Líba Kohlíčková 
520 |a Populácia starne. Ako bude vlastne život ďalej fungovať. Podporovanie medzigeneračných vzťahov na pracovisku. 
610 2 0 |a firmy 
610 2 0 |a zamestnanci 
610 2 0 |a vek 
610 2 0 |a generácie 
610 2 0 |a manažment personálny 
100 1 |a Fischerová-Katzerová, Vladka 
700 1 |a Kohlíčková, Líba